000 00532nam a2200145Ia 4500
008 250103s2018 xx 000 0 und d
020 _a978-3-319-66493-4
022 _a2365-7685
041 _aeng
100 _aR. Venkatesan, Amit Tandon, Eric D'Asaro, M. A. Atmanand
245 _aObserving the Oceans in Real Time
260 _bSpringer International Publishing
_c2018
440 _vSpringer Oceanography
856 _uhttps://link.springer.com/openurl?genre=book&isbn=978-3-319-66493-4
_zhttps://doi.org/10.1007/978-3-319-66493-4
999 _c12720
_d12720